Christian cross flags - Statistics

General Stats
  • This quiz has been taken 20 times
  • The average score is 13 of 16
Answer Stats
Picture Answer % Correct
Greece
100%
Malta
100%
Switzerland
100%
United Kingdom
100%
Dominica
94%
Dominican Republic
94%
England
94%
Georgia
94%
Scotland
94%
Tonga
81%
Florida
69%
Northern Ireland
63%
Alabama
56%
Jersey
56%
Guernsey
50%
Madeira
19%
No matching quizzes found
Score Distribution
Percent of People with Each Score
Percentile by Number Answered
Your Score History
You have not taken this quiz